Statystyki dla Parki narodowe

Kliknij tutaj aby rozwiązać quiz!

Ogólne statystyki

  • Ten quiz został rozwiązany 4 446 razy
  • Średni wynik to 13 z 23

Statystyki odpowiedzi

HintOdpowiedź% Poprawnych
2Białowieski
88%
19Tatrzański
85%
3Biebrzański
82%
13Ojcowski
75%
17Słowiński
68%
9Kampinoski
67%
4Bieszczadzki
63%
23Woliński
61%
20Ujście Warty
58%
8Gór Stołowych
57%
10Karkonoski
54%
1Babiogórski
52%
18Świętokrzyski
52%
5Bory Tucholskie
50%
14Pieniński
48%
16Roztoczański
42%
21Wielkopolski
42%
15Poleski
39%
22Wigierski
39%
11Magurski
38%
7Gorczański
36%
12Narwiański
36%
6Drawieński
32%

Rozkład punktacji

Percentyl według liczby udzielonych odpowiedzi

Procent ludzi z każdym wynikiem

Twoja historia wyników

Nie rozwiązałeś tego quizu